Railway Series Characters - Statistics

General Stats
  • This quiz has been taken 10 times
  • The average score is 45 of 89
Answer Stats
No. Answer % Correct
N/A Diesel
100%
NWR 4 Gordon
100%
NWR 3 Henry
100%
NWR 1 Thomas
100%
Passenger Annie
83%
NWR D3 / BR D7101 Bear
83%
SCC 2 Ben
83%
N/A Bert
83%
SCC 1 Bill
83%
NWR D2 / BR D5702 BoCo
83%
Passenger Clarabel
83%
4 Culdee
83%
NWR D1 Daisy
83%
NWR 9 Donald
83%
NWR 10 Douglas
83%
NWR 8 / BR 5741 Duck
83%
SR 8 / MSR 1 Duke
83%
SR 6 Duncan
83%
NWR 2 Edward
83%
Steamroller George
83%
Passenger Henrietta
83%
SR 7 Ivo Hugh
83%
NWR 5 James
83%
NWR 11 Oliver
83%
NWR 6 Percy
83%
SR 4 / MSR 4 Peter Sam
83%
SR 2 Rheneas
83%
SR 5 Rusty
83%
SR 3 / MSR 3 Sir Handel
83%
SR 1 Skarloey
83%
NWR 7 Toby
83%
Bus Bertie
67%
Bus Bulgy
67%
Car Caroline
67%
LNER 4472 / BR 60103 Flying Scotsman
67%
SR 9 Fred
67%
Helicopter Harold
67%
6 Lord Harry
67%
FQC 1 Mavis
67%
N/A Mike
67%
N/A Rex
67%
LBSCR 55 Stepney
67%
Tractor Terence
67%
Brake Van Toad
67%
Traction Engine Trevor
67%
N/A Frank
50%
1 Godred
50%
S&M 2 Neil
50%
DFR 3806 Wilbert
50%
Passenger Ada
33%
7 Alaric
33%
NWR 13 Barry
33%
BR 3440 City of Truro
33%
BR D4711 Class 40
33%
Passenger Dulcie
33%
8 Eric
33%
Passenger Isabel
33%
Passenger Jane
33%
N/A Jock
33%
Truck Scruffey
33%
Various Trucks {Troublesome} Trucks
33%
Passenger Victoria
33%
Passenger Agnes
17%
N/A Albert
17%
Passenger Alice
17%
N/A Blister 1
17%
N/A Blister 2
17%
2 Ernest
17%
Passenger Lucy
17%
Passenger Mabel
17%
Passenger Millicent
17%
N/A Pip & Emma
17%
Passenger Ruth
17%
N/A Sigrid of Arlesdale
17%
N/A Walter
17%
3 Wilfred
17%
BR D199 199
0%
N/A Aubrey
0%
Passenger Beatrice
0%
N/A Bloomer
0%
Passenger Catherine
0%
Passenger Cora
0%
N/A Ford
0%
Passenger Gertrude
0%
Passenger Jemima
0%
N/A Jinty
0%
Passenger Mirabel
0%
N/A Pug
0%
5 Shane Doineey
0%
No matching quizzes found
Score Distribution
Percent of People with Each Score
Percentile by Number Answered
Your Score History
You have not taken this quiz